Environment and empire / (Record no. 161)

000 -LEADER
fixed length control field 01216cam a22003738a 4500
001 - CONTROL NUMBER
control field 8454083
003 - CONTROL NUMBER IDENTIFIER
control field OSt
005 - DATE AND TIME OF LATEST TRANSACTION
control field 20140116120820.0
008 - FIXED-LENGTH DATA ELEMENTS--GENERAL INFORMATION
fixed length control field 081128r20092007enkab b 001 0 eng
020 ## - INTERNATIONAL STANDARD BOOK NUMBER
International Standard Book Number 9780199562510 (pbk.)
024 ## - OTHER STANDARD IDENTIFIER
Standard number or code 99941366532
035 ## - SYSTEM CONTROL NUMBER
System control number (OCoLC)277205267
035 ## - SYSTEM CONTROL NUMBER
System control number (NhCcYBP)om3042436
035 ## - SYSTEM CONTROL NUMBER
System control number (NNC)8454083
040 ## - CATALOGING SOURCE
Original cataloging agency UKM
Transcribing agency UKM
Modifying agency BTCTA
-- YDXCP
-- EUQ
050 #4 - LIBRARY OF CONGRESS CALL NUMBER
Classification number GF551 .B45 2009
100 1# - MAIN ENTRY--PERSONAL NAME
Personal name Beinart, William.
245 10 - TITLE STATEMENT
Title Environment and empire /
Statement of responsibility, etc William Beinart and Lotte Hughes.
260 ## - PUBLICATION, DISTRIBUTION, ETC. (IMPRINT)
Place of publication, distribution, etc Oxford :
Name of publisher, distributor, etc Oxford University Press,
Date of publication, distribution, etc 2009.
263 ## - PROJECTED PUBLICATION DATE
Projected publication date 200904
300 ## - PHYSICAL DESCRIPTION
Extent xiii, 395 p. :
Other physical details ill.,
Dimensions 25 cm.
490 1# - SERIES STATEMENT
Series statement The Oxford history of the British Empire. Companion series
504 ## - BIBLIOGRAPHY, ETC. NOTE
Bibliography, etc Includes bibliographical references and index.
650 #0 - SUBJECT ADDED ENTRY--TOPICAL TERM
Topical term or geographic name as entry element Human ecology
Geographic subdivision Great Britain
General subdivision Colonies.
650 #0 - SUBJECT ADDED ENTRY--TOPICAL TERM
Topical term or geographic name as entry element Natural resources
Geographic subdivision Great Britain
General subdivision Colonies.
651 #0 - SUBJECT ADDED ENTRY--GEOGRAPHIC NAME
Geographic name Great Britain
General subdivision Colonies
-- Environmental conditions.
700 1# - ADDED ENTRY--PERSONAL NAME
Personal name Hughes, Lotte.
830 #0 - SERIES ADDED ENTRY--UNIFORM TITLE
Uniform title Oxford history of the British Empire companion series.
942 ## - ADDED ENTRY ELEMENTS (KOHA)
Source of classification or shelving scheme
Koha item type Book
948 1# - LOCAL PROCESSING INFORMATION (OCLC); SERIES PART DESIGNATOR (RLIN)
Series part designator, SPT (RLIN) 20110317
b (OCLC) c
c (OCLC) hew2
d (OCLC) MPS
987 ## - LOCAL ROMANIZATION/CONVERSION HISTORY (OCLC)
Romanization/conversion identifier 3015706
Holdings
Withdrawn status Lost status Source of classification or shelving scheme Damaged status Not for loan Home library Current library Date acquired Source of acquisition Total Checkouts Full call number Barcode Date last seen Copy number Price effective from Koha item type
          Riara University Library Riara University Library 10/10/2011 Purchase   GF551 .B45 2009 2477/11 10/10/2011 C.1 10/10/2011 Book
          Riara University Library Riara University Library 10/10/2011 Purchase   GF551 .B45 2009 2476/11 10/10/2011 C.2 10/10/2011 Book
          Riara University Library Riara University Library 10/10/2011 Purchase   GF551 .B45 2009 2478/11 10/10/2011 C.3 10/10/2011 Book

Riara University Library,
P.O. Box 49940-00100,
Nairobi, Kenya.